000 01034nam a22002775a 4500
005 20170426112105.0
008 170426r20092007ii frb 001 0 eng d
020 _a9788123917511
040 _aEG-ScBUE
_beng
_cEG-ScBUE
_dEG-ScBUE
043 _ae-uk---
082 0 4 _222
_a363.10941
_bDIM
100 1 _aDimond, Bridgit.
245 1 0 _aLegal aspects of health and safety :
_bBritish journal of nursing monograph legal aspects of health care series /
_cBridgit Dimond.
250 _aReprint ed.
260 _aNew Delhi :
_bCBS Publishers & Distributors,
_c2009.
300 _axii, 347 p. ;
_c18 cm.
500 _aReprinted of 2007 edition.
500 _aIndex : p. 341-347.
504 _aIncludes bibliographical references.
650 7 _2BUEsh
_aIndustrial hygiene
_xLaw and legislation
_xGreat Britain.
650 7 _aIndustrial safety
_xLaw and legislation
_zGreat Britain.
_2BUEsh
650 7 _aHealth facilities
_xSafety regulations
_zGreat Britain.
_2BUEsh
651 _2BUEsh
653 _bNNUR
_bGGEN
_cApril2017
942 _2ddc
999 _c24707
_d24679